书目信息 |
| 题名: |
批评意识
|
|
| 作者: | 乔治·布莱 著 | |
| 分册: | ||
| 出版信息: | 南昌 百花洲文艺出版社 2010.05 |
|
| 页数: | 300页 | |
| 开本: | 21cm | |
| 丛书名: | 20世纪欧美文论丛书 | |
| 单 册: | ||
| 中图分类: | I109.9 | |
| 科图分类: | ||
| 主题词: | 文学--世界 | |
| 电子资源: | ||
| ISBN: | 978-7-80579-624-6 | |
| 000 | 00631nam0 2200217 450 | |
| 001 | 1128828358 | |
| 005 | 20110902085803.43 | |
| 010 | @a978-7-80579-624-6@dCNY37.00 | |
| 100 | @a20110902d2010 km y0chiy0120 ea | |
| 101 | 0 | @achi |
| 102 | @aCN@b360000 | |
| 200 | 1 | @a批评意识@Api ping yi shi@f(比)乔治·布莱著@F(bi)qiao zhi·bu lai zhu |
| 210 | @a南昌@c百花洲文艺出版社@d2010.05 | |
| 215 | @a300页@d21cm | |
| 225 | 2 | @a20世纪欧美文论丛书 |
| 410 | 0 | @12001 @a20世纪欧美文论丛书 |
| 606 | 0 | @a文学@x世界 |
| 690 | @aI109.9@v5 | |
| 701 | 0 | @a乔治·布莱@Aqiao zhi·bu lai@4著 |
| 801 | 0 | @aCN@bNISOFT@c20110902 |
| 905 | @aBZT@dI109.9@e2 | |
| 批评意识/(比)乔治·布莱著.-南昌:百花洲文艺出版社,2010.05 |
| 300页;21cm.-(20世纪欧美文论丛书) |
| ISBN 978-7-80579-624-6:CNY37.00 |
| ● |
| 相关链接 |
|
|
|
正题名:批评意识
索取号:I109.9/2
 
预约/预借
| 序号 | 登录号 | 条形码 | 馆藏地/架位号 | 状态 | 备注 |
| 1 | 793183 | 2000793183 | 样本书库/样006架B面4层1列/ [索取号:I109.9/2] | 在馆 | |
| 2 | 793184 | 2000793184 | 中心书库中库/打包BH1155/ [索取号:I109.9/2] | 在馆 | |
| 3 | 793185 | 2000793185 | 中心书库中库/打包BH1155/ [索取号:I109.9/2] | 在馆 | |
| 4 | 793186 | 2000793186 | 中心书库中库/打包BH1155/ [索取号:I109.9/2] | 在馆 | |
| 5 | 793187 | 2000793187 | 中心书库中库/打包BH1155/ [索取号:I109.9/2] | 在馆 |